000 00801nam a2200265Ia 4500
003 OSt
005 20221005093239.0
006 a|||||r|||| 00| 0
007 ta
008 221004b |||||||| |||| 00| 0 eng d
024 _a39691
037 _cTextual
040 _aCRL
_cCRL
_beng
041 _2eng
_aeng
082 _aO111:g(R3), J3
100 _aBennett Joan
110 _aGift from Prof Amitava Banerjee, London
245 0 _aFour metaphysical poets
_b Donne, Herbert, Vaughan, Crashaw and anthology of their poetry
260 _aNew York
_bVintage Books USA
_c1953
300 _a233p.
_ccm.
650 _aENGLISH LITERATURE
700 _aGift from Prof Amitava Banerjee, London
942 _hO111:g(R3), J3
_cTEXL
_2cc
999 _c1000060
_d1000060